000 00968nam a2200277 a 4500
001 000003717
003 DO-SdBNP
005 20250127121359.0
007 ta
008 090713s19250983dr a 000 0 spa d
040 _aDO-SdBNP
_bspa
_cBNPHU
_erda
082 _aRD863.42
_bD159a
_222
100 1 _aDamirón, Rafael,
_d1882-1956
_eautor
_927287
245 1 0 _aAy de los vencidos :
_bnovela de los días de la ocupación yankee en la República Dominicana /
_cRafael Damirón.
264 _aSanto Domingo :
_bAlfa y Omega,
_c1925
300 _a138 p.áginas:
_bilustraciones ;
_c21 cm.
336 _ardacontent
_btexto
_2txt
337 _ardamedia
_bsin mediación
_2n
338 _ardacarrier
_bvolumen
_2nc
590 _aInventariado, 2019 / DG
650 0 _aNovela histórica dominicana.
_9860
650 0 _aLiteratura dominicana.
_967
651 4 _aRepública Dominicana
_xHistoria
_xNovela
_910015
910 _aValidado. Control de calidad MMOLINA
942 _2ddc
_cLBS1
999 _c3539
_d3539